000 01076nam a2200325Ia 4500
003 OSt
005 20221007124910.0
006 a|||||r|||| 00| 0
007 ta
008 221006b |||||||| |||| 00| 0 eng d
020 _a9783319543970 (hbk)
024 _a198863
037 _b1774, 12/03/2018, Indica Publishers & Distributors Pvt. Ltd.
_cTextual
040 _aCDL
_cCDL
_beng
041 _2eng
_aeng
082 _aE:3,T5, P4;Q7 Carc
100 _aGross Jurgen H
_9717755
245 0 _aMass spectrometry: A textbook
250 _a3
260 _aSwizerland
_bSpringer
_c2017
300 _axxv, 968p. ill.
_ccm.
500 _aAppendix 927-954p.; Index 955-968p.
650 _a Electrospray ionization
_9720875
650 _a Fast atom bombardment
_9720876
650 _a Hyphenated methods
_9720877
650 _a Inorganic mass spectrometry
_9720878
650 _aChemistry
942 _hE:3,T5, P4;Q7 Carc
_cTEXL
_2CC
999 _c1214338
_d1214338